Statistics for Top 15 Countries with Covid-19 Cases - 23 Mar 2021

Click here to take the quiz!

General Stats

  • This quiz has been taken 15 times
  • The average score is 14 of 28

Answer Stats

country% Correct
Russia
100%
United States
100%
United Kingdom
93%
Italy
87%
Brazil
80%
Germany
80%
India
80%
Spain
73%
France
60%
Mexico
60%
Poland
60%
Turkey
60%
Belgium
53%
Netherlands
47%
Sweden
47%
Iran
40%
Portugal
40%
Argentina
33%
Colombia
33%
Israel
33%
Switzerland
33%
Czechia
27%
Lithuania
27%
Georgia
20%
Panama
20%
Slovenia
20%
Bahrain
13%
Estonia
13%

Score Distribution

Percentile by Number Answered

Percent of People with Each Score

Your Score History

You have not taken this quiz